| 000 | 00648cam a2200205 a 4500 | ||
|---|---|---|---|
| 001 | 000009444 | ||
| 005 | 20200929161609.0 | ||
| 008 | 950309s1994 ec 000 f spa | ||
| 020 | _a9978870873 | ||
| 040 |
_aDO-SdBNP _bspa _cBNPHU |
||
| 082 |
_aE863.44 _bT315c |
||
| 100 | 1 |
_aTerán, Enrique. _924243 |
|
| 245 | 1 | 0 |
_aCamino de llanto : _bHuacay-ñán / _cEnrique Terán ; prólogo, Abdón Ubidia. |
| 260 |
_aQuito, Ecuador : _bEl Conejo, _c1994. |
||
| 300 |
_a193 p. ; _c21 cm. |
||
| 490 | 1 | _aGrandes Autores Ecuatorianos | |
| 650 | 4 |
_aNovela ecuatoriana _95017 |
|
| 650 | 4 |
_aLiteratura ecuatoriana _93938 |
|
| 700 | 1 |
_aUbidia, Abdón _epról. _921506 |
|
| 999 |
_c9204 _d9204 |
||